मेरे मानसिक उपादान / (Record no. 111653)

MARC details
000 -LEADER
fixed length control field 00957nam a22002417a 4500
005 - DATE AND TIME OF LATEST TRANSACTION
control field 20181105120411.0
010 ## - LCCN (DPL NO)
LC control number B-195263 B-195295
020 ## - INTERNATIONAL STANDARD BOOK NUMBER
International Standard Book Number 8173155763
Terms of availability 200.00
035 ## - SYSTEM CONTROL NUMBER
System control number B-195263 B-195295
037 ## - SOURCE OF ACQUISITION
Source of stock number/acquisition Cen Lib/Ret
082 ## - DEWEY DECIMAL CLASSIFICATION NUMBER
Classification number 824
Item number गुलाब
100 ## - MAIN ENTRY--PERSONAL NAME
Personal name गुलाब ,राय बाबू
245 ## - TITLE STATEMENT
Title मेरे मानसिक उपादान /
Statement of responsibility, etc बाबू गुलाबराय
246 ## - VARYING FORM OF TITLE
Title proper/short title mere mansik upadan
Remainder of title by Babu Gulab Rai
260 ## - PUBLICATION, DISTRIBUTION, ETC. (IMPRINT)
Place of publication, distribution, etc दिल्ली
Name of publisher, distributor, etc प्रभात प्रकाशन
Date of publication, distribution, etc 2006
270 ## - ADDRESS
Address 4/11,आसफ अली रोड
City दिल्ली
Postal code 110002
300 ## - PHYSICAL DESCRIPTION
Extent 199पृष्ठ.
Dimensions 21सेमी(सजिल्द)
650 ## - SUBJECT ADDED ENTRY--TOPICAL TERM
Topical term or geographic name as entry element हिंदी साहित्य
650 ## - SUBJECT ADDED ENTRY--TOPICAL TERM
Topical term or geographic name as entry element हिंदी निबंध
650 ## - SUBJECT ADDED ENTRY--TOPICAL TERM
Topical term or geographic name as entry element Hindi Literature
650 ## - SUBJECT ADDED ENTRY--TOPICAL TERM
Topical term or geographic name as entry element Hindi Nibandh
942 ## - ADDED ENTRY ELEMENTS (KOHA)
Source of classification or shelving scheme Dewey Decimal Classification
Item type Hindi Books
Classification part 824
Call number suffix गुलाब
Holdings
Withdrawn status Lost status Not for loan Home library Current library Date acquired Source of acquisition Cost, normal purchase price Full call number Barcode Copy number Cost, replacement price Koha item type Collection code
      Central Library Central Library 04/08/2015 Cen Lib/Ret 200.00 824 गुलाब B-195263 1 200.00 Hindi Books  
      R.C.Libraries (zls) R.C.Libraries (zls) 05/11/2018   200.00 824 गुलाब B-195295   200.00 Hindi Books Non-fiction
      Sarojini Nagar Sarojini Nagar 26/07/2018     824 गुलाब B-195271     Hindi Books Non-fiction
      Sarojini Nagar Sarojini Nagar 26/07/2018     824 गुलाब B-195294     Hindi Books Non-fiction
      Sarojini Nagar Sarojini Nagar 26/07/2018     824 गुलाब B-195291     Hindi Books Non-fiction

© Delhi Public Library
Hit Counter
free hit counter